Регионална библиотека "Любен Каравелов" - Русе

SANSKRIT-WORTERBUCH (Запис номер 344222)

MARC детайли
000 -Лидер
Контролно поле с фиксирана дължина 00985nam a2200301 c 4500
003 - Код на организацията, давaща контролен номер
Контролно поле BLK
005 - Дата и час на последна редакция
Контролно поле 20190919090121.0
008 - Елементи от данни с фиксирана дължина
fixed length control field 180911b bul|||||r ||||||| ||bul||
010 ## - Наследен системен номер
LC control number 003887
040 ## - Източник на каталожния запис
Идентификатор на билиотеката - собственик на записа BLK
041 ## - Код за език
Код за езика на текст/звукозапис или на отделно заглавие Санскрит
Код за езика КДБФ Немски
080 ## - УДК
УДК - код + определител 809.12(038.1)
245 10 - Сведения за заглавието
Заглавие SANSKRIT-WORTERBUCH
246 ## - Различни форми на заглавието
Подзаглавни данни SANSKRIT-WORTERBUCH
260 ## - Област на издателските данни
Място на издаване, разпространение и проч. Strassburg ; London
Име на издателя, разпространителя и проч. Karl J. Trubner
Година на издаване 1887
300 ## - Физическа характеристика
Страници VIII, 541 с.
Размери/Мащаб 25 см
380 ## - Жанр
Жанр Езикознание. Филология
490 ## - СЕРИИ (Колекции)
Име на серия Частна колекция - Академик Михаил Арнаудов
Бележки за серията Дарение - Основен фонд
500 ## - Общи забележки
Забележка Михаил Арнаудов: подпис
520 ## - Забележка за наличие на резюме, анотация и т.н
Анотация, рецензия, сканиран текст
520 ## - Забележка за наличие на резюме, анотация и т.н
Анотация, рецензия, сканиран текст Михаил Арнаудов: негови-книга
520 ## - Забележка за наличие на резюме, анотация и т.н
Анотация, рецензия, сканиран текст Датиране на книгата : /Berlin/ Дек. 1899.
650 ## - Допълнително описание по предмет – тема
Основно описание – тема или топоним Езици
9 (RLIN) 396454
655 ## - Ключова дума – жанр/разновидност
Данни за жанр/разновидност или ключова дума за фокус Езикознание
700 1# - Други автори (авторска отговорност)
Лично име Bearb. Carl Cappeller
9 (RLIN) 396455
852 ## - Местоположение
Форматна сигнатура МА 41
999 ## - СИСТЕМНИ КОНТРОЛНИ НОМЕРА
Koha biblionumber 344222
Koha biblioitemnumber 344222
942 ## - АРТИКУЛИ
Вид на библиотечния материал Книги
Скрит в OPAC Не
Периодичен библиозапис Да
944 ## - СЪЗДАВАНЕ И РЕДАКЦИЯ на ЗАПИСА
Създаване/Редакция Създаване
Дата на регистрацията/редакция 1994
Служител, извършил регистрацията/редакцията ValK
999 ## - СИСТЕМНИ КОНТРОЛНИ НОМЕРА
Koha biblioitemnumber 344222
Наличности
Код за отписване Код за изгубен артикул Източник на класификационната схема Код за повреда Коз за рестрикции Код за отдаване Артикулен № Име на библиотеката - собственик Име на библиотеката, в която се намира в момента Статус (Текущо местоположение) Местоположение - отдел Цена в лева Номерация (Хронология) Инвентарен номер Систематично азбучна сигнатура Баркод Номер на екземпляра Цена в евро Служебен тип на артикула Бележка за публиката
  Не е изгубен Universal Decimal Classification Не е повреден без рестрикции Специални фондове ( старопечатни, редки и ценни, фонд М. Арнаудов) 744596 Регионална библиотека "Любен Каравелов" Русе Регионална библиотека "Любен Каравелов" Русе Фонд "Михаил Арнаудов" Фонд "Михаил Арнаудов" 8.00   319950 МА 41 120000319950 1 4.09 Книги ; Датиране на книгата : /Berlin/ Дек. 1899.; ; подпис;
Vip Innovations Ltd, Rousse, Bulgaria 2025